000 00655nam a2200193Ia 4500
003 GCL
008 140319s9999 xx 000 0 ara d
040 _aGCL /
_cGCL
082 0 4 _a823.03
_bس م
100 1 _aابراهيم الصيرفى
245 1 0 _aمواهب أرام (هدية من الاديب عبدالفتاح الجمل) /
_cابراهيم الصيرفى
700 1 _aساروبان، وليام
300 _a117 ص
490 _aروايات عالمية
_v0
650 0 4 _aالادب الامريكى المترجم
650 0 4 _aالادب العالمى المترجم
650 0 4 _aالقصص الامريكية
942 _2ddc
_cBK
999 _c40154
_d40154